| 000 | 00452nam a2200145Ia 4500 | ||
|---|---|---|---|
| 008 | 231129s1988||||xx |||||||||||||| ||spa|| | ||
| 020 | _a958-635-077-0 (rús | ||
| 040 | _bspa | ||
| 082 | _a(EN PROCESO DE DESCARTE) 346.07 P349m | ||
| 100 | _aPeña Nossa Lisandro | ||
| 245 | 0 | _aManual de sociedades comerciales | |
| 260 | _c1988 | ||
| 264 | _aBogotá Colombia: Ediciones Libreria del profesional | ||
| 942 |
_2ddc _cBKS |
||
| 999 |
_c20458 _d20458 |
||